[Event "Martigny op"]
[Site "Martigny"]
[Date "2005.07.31"]
[Round "5"]
[White "Moret, Jean Paul"]
[Black "Groux, Henri"]
[Result "1-0"]
[WhiteElo "2084"]
[BlackElo "1685"]
[PlyCount "43"]
[EventDate "2005.07.29"]
[EventType "swiss"]
[EventRounds "7"]
[EventCountry "SUI"]
[SourceTitle "CBM 107 Extra"]
[Source "ChessBase"]
[SourceDate "2005.09.01"]
[SourceVersion "1"]
[SourceVersionDate "2005.09.01"]
[SourceQuality "1"]

1. e4 c5 2. d4 cxd4 3. c3 dxc3 4. Nxc3 Nc6 5. Nf3 d6 6. Bc4 e6 7. 0-0 a6 8. Qe2 b5 9. Bb3 Bb7 10. Rd1 Qc7 11. Bf4 Nf6 12. Rac1 Be7 13. Nd5 Qd8 14. Nxe7 Qxe7 15. Bxd6 Qd8 16. Bf4 Nd7 17. Bd6 Qb6 18. a3 Rd8 19. Ba2 Ne7 20. Bc7 Qa7 21. Bxd8 Kxd8 22. Ne5 1-0

[Event "Martigny op"]
[Site "Martigny"]
[Date "2005.07.29"]
[Round "1"]
[White "Sriram, Jha"]
[Black "Groux, Henri"]
[Result "1-0"]
[WhiteElo "2451"]
[BlackElo "1685"]
[PlyCount "59"]
[EventDate "2005.07.29"]
[EventType "swiss"]
[EventRounds "7"]
[EventCountry "SUI"]
[SourceTitle "CBM 107 Extra"]
[Source "ChessBase"]
[SourceDate "2005.09.01"]
[SourceVersion "1"]
[SourceVersionDate "2005.09.01"]
[SourceQuality "1"]

1. d4 Nf6 2. c4 g6 3. Nc3 Bg7 4. e4 d6 5. f3 0-0 6. Nge2 b6 7. Be3 Bb7 8. Qd2 Nbd7 9. Ng3 c5 10. d5 Ne5 11. Be2 Re8 12. 0-0 e6 13. h3 a6 14. f4 Ned7 15. dxe6 Rxe6 16. Bf3 Qc7 17. Rad1 Rd8 18. Rfe1 Nf8 19. f5 Ree8 20. Bf4 Rd7 21. Bxd6 Qc8 22. e5 Bxf3 23. gxf3 Nh5 24. Nxh5 gxh5 25. Nd5 Qb7 26. f6 Bh8 27. Bxf8 Kxf8 28. Qh6+ Kg8 29. Kh2 Qb8 30. Rg1+ 1-0